000 00802nam a2200205Ii 4500
003 JO-AjNU
008 230605s9999||||xx |||||||||||||| ||und||
040 _aJO-AjNU
_bara
_erda
_cJO-AjNU
041 _aara
050 1 4 _aQ127.I854734 1982
100 3 _a تعريب جرادات ،عزت/م . مشارك عوده ابراهيم,
_eauthor
_917348
245 0 0 _aالعلوم والتكنولوجيا والتنمية في الاقطار الاسلامية
250 _aط1
264 3 1 _aالاردن ، د.ن ، 1982
300 _a144ص
336 _atext
_btxt
_2rdacontent
337 _aunmediated
_bn
_2rdamedia
338 _avolume
_bnc
_2rdacarrier
650 4 _aالتنمية الاقتصادية - الجوانب الاجتماعية -العالم الاسلامي - تكنولوجيا
_917349
999 _aA5339
_c8907
_d8907